000 00297nam a2200133Ia 4500
005 20260328104304.0
008 260328s9999||||xx |||||||||||||| ||und||
100 _aHarris, Robert
245 0 _aPompeya /
_cRobert Harris
260 _bBest
300 _a313 p.
650 _aHISTORIA
942 _cBK
999 _c10690
_d10690